000 00400 a2200157 4500
020 _a9698906045
082 _a635.927
090 _c6536
_d6536
100 _aHussain,Syed Mushtaq
245 _aBonsai Techniques.
_cPro.Dr.Syed Mushtaq Hussain
250 _a1st.
260 _aKarachi.
_bFederal Urdu University.
_c2005
300 _a192p.
500 _aHard cover
942 _aNBS
_cBK
_k635.927 HUS
999 _c348895
_d348895